| 000 | 00435nam a2200157Ia 4500 | ||
|---|---|---|---|
| 008 | 210815s9999||||xx |||||||||||||| ||und|| | ||
| 020 | _a979-518-242-0 | ||
| 040 | _aID-SmMUS | ||
| 084 | _a128-0117 SUR Gov Bo. | ||
| 100 | _aBayu Surianingrat | ||
| 245 | 0 | _aMengenal Ilmu Pemerintahan | |
| 260 |
_aJakarta _bRineka Cipta _c1992 |
||
| 300 | _ai-1 + 97 hlm | ||
| 650 |
_aGovernment (Pemerintahan) _eG-O-V _vIlmu Pemerintahan |
||
| 942 | _cBK | ||
| 999 |
_c1600 _d1600 |
||